00271nam a2200097 4500082002100000100001700021245004000038260004700078300001000125650003800135 aTNC N400x54 G346 aGhosh, S.K.  aPolice leadership & man management  aCalcutta bSatchidananda Prakashani c1977 a106p. aPolice - Administration - India